[Event "Oberpfalz-ch M1"]
[Site "Schwarzenfeld"]
[Date "2005.??.??"]
[Round "8"]
[White "Gradl, Winfried"]
[Black "Tranitz, Christian"]
[Result "1-0"]
[WhiteElo "2140"]
[BlackElo "1767"]
[PlyCount "77"]
[EventDate "2005.03.19"]
[EventType "swiss"]
[EventRounds "8"]
[EventCountry "GER"]
[SourceTitle "EXT 2022"]
[Source "ChessBase"]
[SourceDate "2021.10.06"]
[SourceVersion "1"]
[SourceVersionDate "2021.10.06"]
[SourceQuality "1"]

1. d4 Nf6 2. c4 g6 3. Nc3 Bg7 4. e4 d6 5. Nf3 0-0 6. h3 e5 7. d5 a5 8. Bg5 Na6 9. g4 Nc5 10. Nd2 c6 11. Be2 cxd5 12. cxd5 Bd7 13. Be3 Rc8 14. g5 Ne8 15. h4 Bh8 16. h5 Na6 17. Nc4 Nc5 18. Na3 Qb6 19. Nab5 Bxb5 20. Bxb5 Nc7 21. a4 N7a6 22. Kf1 Qc7 23. Kg2 Qe7 24. Rh3 Nb4 25. Qe2 Nb3 26. Rah1 Nd4 27. Qg4 Nbc2 28. hxg6 fxg6 29. Bd7 Nxe3+ 30. fxe3 Qf7 31. Be6 Nxe6 32. Qxe6 Rc7 33. Rxh7 Bg7 34. R7h3 Re7 35. Rf3 Qxe6 36. Rxf8+ Bxf8 37. dxe6 Rxe6 38. Nd5 Be7 39. Nc7 1-0

[Event "Oberpfalz-ch M1"]
[Site "Schwarzenfeld"]
[Date "2005.??.??"]
[Round "3"]
[White "Sippenauer, Florian"]
[Black "Tranitz, Christian"]
[Result "1/2-1/2"]
[WhiteElo "2165"]
[BlackElo "1767"]
[PlyCount "43"]
[EventDate "2005.03.19"]
[EventType "swiss"]
[EventRounds "8"]
[EventCountry "GER"]
[SourceTitle "EXT 2022"]
[Source "ChessBase"]
[SourceDate "2021.10.06"]
[SourceVersion "1"]
[SourceVersionDate "2021.10.06"]
[SourceQuality "1"]

1. e4 e5 2. Bc4 Bc5 3. d4 exd4 4. Bxf7+ Kxf7 5. Qh5+ g6 6. Qxc5 Nf6 7. Qxd4 Nc6 8. Qc4+ d5 9. exd5 Qxd5 10. Na3 Be6 11. Qxd5 Bxd5 12. f3 Rhe8+ 13. Kf2 Nd4 14. c3 Ne6 15. Nh3 Nc5 16. Nf4 g5 17. Be3 Rxe3 18. Kxe3 gxf4+ 19. Ke2 Re8+ 20. Kd2 Bc6 21. Rhe1 Nd5 22. Rxe8 1/2-1/2

[Event "Oberpfalz-ch M1"]
[Site "Schwarzenfeld"]
[Date "2005.??.??"]
[Round "7"]
[White "Tranitz, Christian"]
[Black "Beyerlein, Andreas"]
[Result "1/2-1/2"]
[WhiteElo "1767"]
[BlackElo "2183"]
[PlyCount "115"]
[EventDate "2005.03.19"]
[EventType "swiss"]
[EventRounds "8"]
[EventCountry "GER"]
[SourceTitle "EXT 2022"]
[Source "ChessBase"]
[SourceDate "2021.10.06"]
[SourceVersion "1"]
[SourceVersionDate "2021.10.06"]
[SourceQuality "1"]

1. e4 c5 2. f4 Nc6 3. Nf3 e6 4. Bb5 Nge7 5. 0-0 g6 6. Bxc6 Nxc6 7. Qe1 Bg7 8. f5 0-0 9. d3 exf5 10. exf5 d5 11. Bg5 f6 12. Bd2 Bxf5 13. Nh4 Re8 14. Qf2 Be6 15. Qxc5 f5 16. Nf3 Bxb2 17. Bc3 Bxa1 18. Bxa1 Qb6 19. Qxb6 axb6 20. Nc3 Bf7 21. Ng5 Rad8 22. g4 d4 23. Nb5 Bxa2 24. gxf5 gxf5 25. Kg2 Re2+ 26. Kg3 h6 27. Nf3 Rxc2 28. Nbxd4 Nxd4 29. Nxd4 Rd2 30. Kf4 Rxh2 31. Rg1+ Kf7 32. Nf3 Rf2 33. Ke3 Rxf3+ 34. Kxf3 Rxd3+ 35. Kf4 Be6 36. Rg7+ Kf8 37. Rxb7 Rb3 38. Bg7+ Ke8 39. Bxh6 Bd7 40. Bg5 Rb5 41. Rc7 Rd5 42. Rc2 b5 43. Re2+ Kf7 44. Bd8 b4 45. Bc7 b3 46. Be5 Rd3 47. Bb2 Be6 48. Bh8 Ke7 49. Bg7 Kd7 50. Bf6 Kd6 51. Bb2 Bd7 52. Re3 Bb5 53. Rxd3+ Bxd3 54. Ke3 Bc2 55. Bf6 Kd5 56. Bc3 Kc4 57. Bb2 Kd5 58. Bc3 1/2-1/2

[Event "Oberpfalz-ch M2"]
[Site "Regensburg"]
[Date "2004.04.05"]
[Round "6"]
[White "Tranitz, Christian"]
[Black "Simmerl, Stefan"]
[Result "1/2-1/2"]
[WhiteElo "1589"]
[BlackElo "1836"]
[PlyCount "22"]
[EventDate "2004.04.03"]
[EventType "swiss"]
[EventRounds "8"]
[EventCountry "GER"]
[SourceTitle "EXT 2022"]
[Source "ChessBase"]
[SourceDate "2021.10.06"]
[SourceVersion "1"]
[SourceVersionDate "2021.10.06"]
[SourceQuality "1"]

1. e4 e6 2. Qe2 c5 3. f4 Nc6 4. Nf3 Be7 5. d3 d5 6. Nc3 Nf6 7. e5 Nd7 8. g3 a6 9. Bg2 b5 10. 0-0 Qb6 11. Qf2 0-0 1/2-1/2

[Event "Oberpfalz-ch M2"]
[Site "Regensburg"]
[Date "2004.04.04"]
[Round "4"]
[White "Tranitz, Christian"]
[Black "Dirmeier, Carolin"]
[Result "1/2-1/2"]
[WhiteElo "1589"]
[BlackElo "1802"]
[PlyCount "86"]
[EventDate "2004.04.03"]
[EventType "swiss"]
[EventRounds "8"]
[EventCountry "GER"]
[SourceTitle "EXT 2022"]
[Source "ChessBase"]
[SourceDate "2021.10.06"]
[SourceVersion "1"]
[SourceVersionDate "2021.10.06"]
[SourceQuality "1"]

1. e4 c5 2. f4 Nc6 3. Nf3 d6 4. Nc3 g6 5. g3 Bg7 6. Bg2 e6 7. d3 Nge7 8. 0-0 0-0 9. h3 Rb8 10. Qe2 b5 11. g4 f5 12. gxf5 gxf5 13. Kh2 Nd4 14. Qf2 Ng6 15. exf5 exf5 16. Ng5 Bb7 17. Nd5 Qd7 18. c3 Nc6 19. Re1 Rbe8 20. Bd2 h6 21. Nf3 Nce7 22. Nxe7+ Rxe7 23. Rxe7 Qxe7 24. Re1 Qd7 25. Qe3 Kf7 26. Ng5+ hxg5 27. Bxb7 d5 28. fxg5 Be5+ 29. Kg1 Qxb7 30. d4 cxd4 31. cxd4 f4 32. Qd3 Bb8 33. h4 Kg7 34. h5 Nh4 35. Re6 Qf7 36. Rf6 Qd7 37. h6+ Kg8 38. h7+ Kg7 39. Qe2 Rxf6 40. gxf6+ Kxh7 41. Qh5+ Kg8 42. Qxh4 Qf5 43. Kf2 a6 1/2-1/2

[Event "Oberpfalz-ch M2"]
[Site "Regensburg"]
[Date "2004.04.03"]
[Round "1"]
[White "Muehlbauer, Gerhard"]
[Black "Tranitz, Christian"]
[Result "1/2-1/2"]
[WhiteElo "1729"]
[BlackElo "1589"]
[PlyCount "71"]
[EventDate "2004.04.03"]
[EventType "swiss"]
[EventRounds "8"]
[EventCountry "GER"]
[SourceTitle "EXT 2022"]
[Source "ChessBase"]
[SourceDate "2021.10.06"]
[SourceVersion "1"]
[SourceVersionDate "2021.10.06"]
[SourceQuality "1"]

1. e4 e5 2. Nf3 Nc6 3. Bb5 Bc5 4. c3 f5 5. exf5 e4 6. Nd4 Bxd4 7. cxd4 Nf6 8. Qa4 0-0 9. Nc3 Ne7 10. 0-0 c6 11. Be2 Nxf5 12. d3 exd3 13. Bxd3 d5 14. Qb4 a5 15. Qa4 Qe8 16. Bf4 Nh5 17. Be5 Nh4 18. f4 Bf5 19. Qc2 Qg6 20. Bxf5 Rxf5 21. Rf2 Raf8 22. Raf1 Qh6 23. Qd2 Nf6 24. Bxf6 Qxf6 25. Ne2 Rh5 26. Qxa5 Nf5 27. Qd2 Re8 28. Ng3 Nxg3 29. hxg3 Qh6 30. Re2 Rh1+ 31. Kf2 Rxf1+ 32. Kxf1 Re4 33. Rxe4 dxe4 34. d5 Qd6 35. Ke2 cxd5 36. Qc3 1/2-1/2

[Event "Oberpfalz-ch M2"]
[Site "Regensburg"]
[Date "2004.04.03"]
[Round "2"]
[White "Tranitz, Christian"]
[Black "Kaeck, Ralf"]
[Result "1-0"]
[WhiteElo "1589"]
[BlackElo "1756"]
[PlyCount "73"]
[EventDate "2004.04.03"]
[EventType "swiss"]
[EventRounds "8"]
[EventCountry "GER"]
[SourceTitle "EXT 2022"]
[Source "ChessBase"]
[SourceDate "2021.10.06"]
[SourceVersion "1"]
[SourceVersionDate "2021.10.06"]
[SourceQuality "1"]

1. e4 g6 2. f4 Bg7 3. Nf3 d6 4. Nc3 Nc6 5. g3 e5 6. d3 Nf6 7. Bg2 Be6 8. 0-0 Qd7 9. Ne2 h5 10. Nh4 Bg4 11. c3 Nh7 12. Be3 exf4 13. gxf4 Bf6 14. Nf3 h4 15. d4 h3 16. Bh1 Bxf3 17. Rxf3 g5 18. d5 Ne7 19. Bd4 gxf4 20. Rxf4 Rg8+ 21. Ng3 Bg5 22. Rf2 c5 23. dxc6 bxc6 24. Qh5 Nf6 25. Bxf6 Be3 26. Raf1 Ng6 27. Bd4 Bxf2+ 28. Rxf2 0-0-0 29. Qa5 c5 30. Bf6 Rde8 31. Rd2 Re6 32. e5 Nxe5 33. Bxe5 Rxe5 34. Qa6+ Kb8 35. Rxd6 Qc7 36. Qb5+ Kc8 37. Rc6 1-0